Top 15 most streamed 2Pac songs - Statistics

General Stats
  • This quiz has been taken 133 times
  • The average score is 8 of 15
Answer Stats
Rank Streams Songs % Correct
2. 734,997,202 California Love
87%
3. 607,538,299 Hit 'Em Up
85%
4. 588,701,248 All Eyez On Me
77%
5. 533,320,157 Changes
76%
8. 308,995,845 Dear Mama
71%
1. 738,957,628 Ambitionz Az A Ridah
54%
6. 334,384,357 Hail Mary
49%
9. 287,409,222 Keep Ya Head Up
49%
11. 246,012,860 2 Of Amerikaz Most Wanted
45%
7. 321,538,582 Do For Love
38%
15. 160,630,944 Can't C Me
31%
12. 235,227,371 I Get Around
26%
14. 188,582,725 How Do U Want It
24%
10. 257,750,353 Ghetto Gospel
23%
13. 196,165,151 Only God Can Judge Me
21%
No matching quizzes found
Score Distribution
Percent of People with Each Score
Percentile by Number Answered
Your Score History
You have not taken this quiz